Регионална библиотека "Любен Каравелов" - Русе

Съвременни форми на международен бизнес (Запис номер 41312)

MARC детайли
000 -Лидер
Контролно поле с фиксирана дължина 02592nam a2200457 c 4500
003 - Код на организацията, давaща контролен номер
Контролно поле BLK
005 - Дата и час на последна редакция
Контролно поле 20220505120241.0
008 - Елементи от данни с фиксирана дължина
fixed length control field 180408b bul|||||r ||||||| ||bul||
010 ## - Наследен системен номер
LC control number KNG00044872000
020 ## - Международен стандартен номер на книга ISBN
Международен стандартен номер на книга ISBN 978-954-92673-2-7
040 ## - Източник на каталожния запис
Идентификатор на билиотеката - собственик на записа BLK
041 ## - Код за език
Код за езика на текст/звукозапис или на отделно заглавие Български
Код за езика КДБФ Български
080 ## - УДК
Текстов определител УДК Управленски дейности
УДК код - определител по УДК 005.3
УДК - код + определител 005.3
080 ## - УДК
Текстов определител УДК Форми на предприятията в зависимост от отношението към собствеността...
УДК код - определител по УДК 334.72
УДК определител .009
УДК - код + определител 334.72.009
080 ## - УДК
Текстов определител УДК Външна търговия. Международна търговия. Външно-търговска политика. Мита. Вж и 336. 4
УДК код - определител по УДК 339.5
УДК - код + определител 339.5
080 ## - УДК
Текстов определител УДК Пазар. Анализ на пазара. Търсене. Предлагане. Конкуренция. Маркетингова логистика
УДК код - определител по УДК 339.13
УДК - код + определител 339.13
080 ## - УДК
Текстов определител УДК Международни финанси. Вж и 336
УДК код - определител по УДК 339.7
УДК - код + определител 339.7
100 1# - Редна дума - Автор
Автор Василева, Антоанета Георгиева
Авторска отговорност първи автор
R(LIN) 273834
139 ## - Редно поле
Редна дума Василева, Антоанета Георгиева
Авторски знак Васи - В 24
245 10 - Сведения за заглавието
Заглавие Съвременни форми на международен бизнес
Редно поле (дума) Антоанета Георгиева Василева.
257 ## - Страна на издаване
Страна на създаване/издаване България
260 ## - Област на издателските данни
Име на издателя, разпространителя и проч. Нова Бълг. медийна група Холдинг
Година на издаване 2010
300 ## - Физическа характеристика
Страници 259 с.
Илюстрации и др. с ил., табл.
Размери/Мащаб 24 см
380 ## - Жанр
Жанр Общ отдел
500 ## - Общи забележки
Забележка Библиогр. след отд. гл.
650 #4 - Допълнително описание по предмет – тема
Основно описание – тема или топоним Международни икономически отношения
9 (RLIN) 253712
650 #4 - Допълнително описание по предмет – тема
Основно описание – тема или топоним Световно стопанство - учебници за ВУЗ
9 (RLIN) 250504
650 #4 - Допълнително описание по предмет – тема
Основно описание – тема или топоним Външна търговия - учебници за ВУЗ
9 (RLIN) 253777
650 #4 - Допълнително описание по предмет – тема
Основно описание – тема или топоним Международни валутно-финансови отношения
9 (RLIN) 244527
650 #4 - Допълнително описание по предмет – тема
Основно описание – тема или топоним Бизнес, международен
9 (RLIN) 277661
653 ## - Ключова дума – ненормативна
Ключова дума световно стопанство
653 ## - Ключова дума – ненормативна
Ключова дума международни икономически отношения
653 ## - Ключова дума – ненормативна
Ключова дума външна търговия
653 ## - Ключова дума – ненормативна
Ключова дума международни валутно-финансови отношения
653 ## - Ключова дума – ненормативна
Ключова дума бизнес
852 ## - Местоположение
Форматна сигнатура Цб 254147
856 4# - Електронен адрес и достъп
Електронен формат pdf - файл
856 4# - Електронен адрес и достъп
Електронен формат pdf - файл
999 ## - СИСТЕМНИ КОНТРОЛНИ НОМЕРА
Koha biblionumber 41312
Koha biblioitemnumber 41312
942 ## - АРТИКУЛИ
Вид на библиотечния материал Книги
Скрит в OPAC Не
Периодичен библиозапис Да
Koha issues (borrowed), all copies 1
944 ## - СЪЗДАВАНЕ И РЕДАКЦИЯ на ЗАПИСА
Създаване/Редакция Създаване
Дата на регистрацията/редакция 22.12.2011
Статус, дата на статуса ф /
Служител, извършил регистрацията/редакцията Кети_Илиева
944 ## - СЪЗДАВАНЕ И РЕДАКЦИЯ на ЗАПИСА
Създаване/Редакция Редакция
Дата на регистрацията/редакция 10.01.2013
Статус, дата на статуса ф /
999 ## - СИСТЕМНИ КОНТРОЛНИ НОМЕРА
Koha biblioitemnumber 41312
Наличности
Код за отписване Код за изгубен артикул Източник на класификационната схема Код за повреда Коз за рестрикции Код за отдаване Артикулен № Име на библиотеката - собственик Име на библиотеката, в която се намира в момента Статус (Текущо местоположение) Дата на вписване в системата Местоположение - отдел Цена в лева Инвентарен номер Систематично азбучна сигнатура Баркод Номер на екземпляра Цена в евро Служебна бележка Служебен тип на артикула
  Не е изгубен Universal Decimal Classification Не е повреден без рестрикции заемане за дома 64741 Регионална библиотека "Любен Каравелов" Русе Регионална библиотека "Любен Каравелов" Русе Заемна - подръчен фонд 2011-12-16 Заемна - подръчен фонд 20.00 120000755572 005/В 24 120000755572 1 10.23 Дост: Pk Вид: Ф N: 251 Дата: 15.12.2011 Дата инв: 05.02.2018 Бележки инв: П2018 Книги
  Не е изгубен   Не е повреден без рестрикции ползва се в читалня 64742 Регионална библиотека "Любен Каравелов" Русе Регионална библиотека "Любен Каравелов" Русе Читалня 2011-12-16 Читалня 20.00 120000755573 Ч 339/В 24 120000755573 2 10.23 Дост: Pk Вид: Ф N: 251 Дата: 15.12.2011 Дата инв: 23.03.2017 Бележки инв: Ч2017 Книги
  Не е изгубен   Не е повреден без рестрикции ползва се в читалня 64743 Регионална библиотека "Любен Каравелов" Русе Регионална библиотека "Любен Каравелов" Русе Хранилище 2012-12-17 Основен фонд - ползва се само за читалня 20.00 120000762524 Цб 254147 120000762524 3 10.23 Дост: Pk Вид: Ф N: 337 Дата: 10.12.2012 Книги
Vip Innovations Ltd, Rousse, Bulgaria 2025